Normal view
MARC view
Entry Personal Name
001 - CONTROL NUMBER
- control field: 36473
003 - CONTROL NUMBER IDENTIFIER
- control field: ARRUPE
005 - DATE AND TIME OF LATEST TRANSACTION
- control field: 20170928092530.0
008 - FIXED-LENGTH DATA ELEMENTS
- fixed length control field: 170928|| aca||aabn | a|a d
040 ## - CATALOGING SOURCE
- Original cataloging agency: ARRUPE
- Transcribing agency: ARRUPE
100 ## - HEADING--PERSONAL NAME
- Personal name: Ewald, Robert H.
- Fuller form of name: (Robert Harold),
- Dates associated with a name: 1922-
670 ## - SOURCE DATA FOUND
- Source citation: Work cat.: (ARRUPE)35524: Schwartz, Barton M. 36472, Culture and society;, [1968]